000
00308nam a2200109 a 4500
005
20140513081056.0
008
070202s19uu xx 00 eng d
050
_a
VCD
_b
Sp743 2003
245
_a
Spelling :
_b
Speech and skill development video program program.
260
_b
Magnavision,
_c
2003.
999
_c
116502
_d
116502